Library of the University of Algiers 3
Ibrahim Sultan Cheibout
شعار جامعة الجزائر 3
مكتبة جامعة الجزائر 3
إبراهيم سلطان شيبوط

الحماية التشريعية المدنية والجنائية لبطاقات الدفع الاليكترونى : (رقم التسجيلة. 45745)

تفاصيل مارك
000 -LEADER
fixed length control field 01605nam a2200229Ia 4500
003 - CONTROL NUMBER IDENTIFIER
control field Ost
005 - DATE AND TIME OF LATEST TRANSACTION
control field 20260507075658.0
008 - FIXED-LENGTH DATA ELEMENTS--GENERAL INFORMATION
fixed length control field 260507s9999||||xx |||||||||||||| ||und||
040 ## - CATALOGING SOURCE
Transcribing agency fsecg
041 ## - LANGUAGE CODE
Language code of text/sound track or separate title ara
082 ## - DEWEY DECIMAL CLASSIFICATION NUMBER
Classification number 346.08
100 ## - MAIN ENTRY--PERSONAL NAME
Personal name ابراهيم، سيد أحمد
Relator term مؤلف
245 #0 - TITLE STATEMENT
Title الحماية التشريعية المدنية والجنائية لبطاقات الدفع الاليكترونى :
Remainder of title بطاقات الائتمان /
Statement of responsibility, etc. سيد أحمد ابراهيم
260 ## - PUBLICATION, DISTRIBUTION, ETC.
Place of publication, distribution, etc. الاسكندرية:
Name of publisher, distributor, etc. الدار الجامعية,
Date of publication, distribution, etc. 2005
300 ## - PHYSICAL DESCRIPTION
Extent 205 صفحة؛
Other physical details إيضاحات ؛
Dimensions 24 سم
504 ## - BIBLIOGRAPHY, ETC. NOTE
Bibliography, etc. note المراجع ص.201
520 ## - SUMMARY, ETC.
Summary, etc. تعريف بطاقات الائتمان، وجوب تنفيد الالتزام، الجزاء لعدم تنفيد الالتزام، مصطلح بطاقة الائتمان، أنواع وطبيعة الائتمان وحمايتها من الناحية المدنية، الحماية الجنائية لبطاقات الدفع الاليكتروني، ماهية ومفهوم الحماية، في مجال ومرحلة التعاقد، في مجال ومرحلة تنفيذ العقد، الآثار المترتبة على اجتماع المسؤوليتين المدنية والجنائية، حجية الحكم الجنائي الصادر بالبراءة، الأحكام العامة لجريمة التزوير والحكم الجنائي بشأنها.
653 ## - INDEX TERM--UNCONTROLLED
Uncontrolled term التشريع-قوانين
653 ## - INDEX TERM--UNCONTROLLED
Uncontrolled term المصارف- قوانين وأنظمة
653 ## - INDEX TERM--UNCONTROLLED
Uncontrolled term بطاقات الائتمان
942 ## - ADDED ENTRY ELEMENTS (KOHA)
Koha item type كتب

لا توجد مواد متاحة.

موارد الويب المفتوحة


© University of Algiers 3 All Rights Reserved
|
Implemented by LECHELAH Riad